Štíhly podnik a štíhle myslenie

Vznik a vývin pojmov štíhla výroby, štíhly podnik a štíhle myslenie. Autori konceptu štíhlej výroby. Koncept štíhleho podniku vyvinutý vo firme Toyota. Princíp a stavebné bloky štíhlej výroby. Základné prvky štíhleho konceptu - hodnota, tok hodnôt, tok, perfektnosť. Koncept podniku svetovej triedy....

Descrizione completa

Salvato in:
Dettagli Bibliografici
Autore principale: Gregor, Milan
Natura: Capitolo di libro
Lingua:slovacco
inglese
Soggetti:
Tags: Aggiungi Tag
Nessun Tag, puoi essere il primo ad aggiungerne!!

MARC

LEADER 00000naa$a2200000$$$4500
001 0007461
005 20231018132842.2
041 0 |a slo 
041 0 |a eng 
044 |a SK 
245 1 0 |a Štíhly podnik a štíhle myslenie  |c aut. Milan Gregor 
520 |a Vznik a vývin pojmov štíhla výroby, štíhly podnik a štíhle myslenie. Autori konceptu štíhlej výroby. Koncept štíhleho podniku vyvinutý vo firme Toyota. Princíp a stavebné bloky štíhlej výroby. Základné prvky štíhleho konceptu - hodnota, tok hodnôt, tok, perfektnosť. Koncept podniku svetovej triedy. Ukazovatele, ktorými sú charakterizované podniky svetovej triedy. Sedem základných typov strát. Muda, mura, muri (3Mu) - japonské označenie problémov strát. 
610 2 0 |a výroba štíhla 
610 2 0 |a podnik 
610 2 0 |a pojmy 
610 2 0 |a fordizmus 
610 2 0 |a Japonsko 
610 2 0 |a systémy výrobné 
610 2 0 |a proces výrobný 
610 2 0 |a tok výroby 
610 2 0 |a ukazovatele hodnotové 
100 1 |a Gregor, Milan